Las garantías penales y procesales: enfoque histórico-comparado
Salvato in:
| Autore principale: | |
|---|---|
| Natura: | Libro |
| Lingua: | spagnolo |
| Pubblicazione: |
Buenos Aires
Universidad de Buenos Aires
2001
|
| Edizione: | 1a. ed |
| Soggetti: | |
| Tags: |
Aggiungi Tag
Nessun Tag, puoi essere il primo ad aggiungerne!!
|
MARC
| LEADER | 00000cam a2200000 a 4500 | ||
|---|---|---|---|
| 001 | UCK2949 | ||
| 003 | CL-VaPUC | ||
| 008 | 050401e20010000AG |||||||||||||||||spa|d | ||
| 020 | |a 9879120450 | ||
| 082 | 0 | 4 | |a 345.05 |b HEN |2 21 |
| 100 | |a Hendler, Edmundo S |e author |9 598916 | ||
| 245 | 1 | 4 | |a Las garantías penales y procesales: enfoque histórico-comparado |
| 250 | |a 1a. ed | ||
| 300 | |a 359 p | ||
| 942 | |c BK | ||
| 945 | |d 20050401 00:00:00 |a cmena | ||
| 260 | |a Buenos Aires |b Universidad de Buenos Aires |c 2001 | ||
| 650 | 0 | |a Procedimiento penal |9 254974 | |
| 650 | 0 | |a Derecho procesal penal |9 256392 | |
| 650 | 0 | |a Derecho comparado |9 255664 | |
| 650 | 0 | |a Garantías |9 385837 | |
| 583 | |a last modification |c 20150910 04:04:24 |k Rodrigo Vera | ||
| 999 | |c 312338 |d 312336 | ||
| 952 | |0 0 |1 0 |4 0 |6 345_050000000000000_HEN_2001 |7 0 |8 A |9 382442 |a BIBDER |b BIBDER |d 2019-11-21 |i 410532K |o 345.05 HEN 2001 |p 410532K |r 2023-01-25 |w 2019-11-21 |y BK |k DER | ||
| 952 | |0 0 |1 0 |3 erb |4 0 |6 345_050000000000000_HEN_2001 |7 0 |8 A |9 382443 |a BIBDER |b BIBDER |i 5199174 |l 3 |o 345.05 HEN 2001 |p 5199174 |r 2023-01-25 |s 2022-12-02 |w 2019-11-21 |y BK |z Catalogado en:20150911 |k DER | ||